Music Quiz

Random Music or Clip Quiz

Jukebox 1982-1983 (Clips) Quiz Stats

 Plays Quiz not verified by Sporcle

Challenge
Share
Tweet
Score 0/50 Timer 15:00
0 Plays Today
Index / Start Time Title % Correct
13 / 1:24Eye Of The Tiger
94.1%
6 / 0:35Come On Eileen
93.8%
12 / 1:17Every Breath You Take
93.1%
10 / 1:03Down Under
92.4%
40 / 4:33Tainted Love
91.7%
39 / 4:26Sweet Dreams (Are Made Of This)
91.5%
3 / 0:14Centerfold
91.1%
29 / 3:16Maneater
91.1%
30 / 3:23Mickey
89.2%
34 / 3:51The Safety Dance
87.9%
22 / 2:27Jack & Diane
86.7%
31 / 3:30Our House
85.4%
43 / 4:54True
83.8%
20 / 2:13I Ran (So Far Away)
81.9%
1 / 0:00867-5309/Jenny
81.2%
11 / 1:10Ebony And Ivory
79.9%
27 / 3:02Little Red Corvette
78.2%
21 / 2:20I'm Still Standing
75.5%
49 / 5:36We Got The Beat
73.4%
41 / 4:40Tell Her About It
72.6%
18 / 1:59Heat Of The Moment
71.8%
15 / 1:38Goody Two Shoes
71.6%
8 / 0:49Dirty Laundry
68.7%
7 / 0:42Crimson And Clover
68%
4 / 0:21China Girl
65.9%
Index / Start Time Title % Correct
37 / 4:12Shake It Up
65.7%
48 / 5:29Wanna Be Startin' Somethin'
63.2%
33 / 3:44Rock This Town
62.9%
35 / 3:58Separate Ways (Worlds Apart)
61.3%
23 / 2:34Jeopardy
57.7%
28 / 3:09The Look Of Love (Part One)
52.8%
17 / 1:52Heart And Soul
52%
36 / 4:05Shadows Of The Night
51.9%
24 / 2:41(Keep Feeling) Fascination
50.1%
2 / 0:07Baby, Come To Me
49.2%
16 / 1:45Hard To Say I'm Sorry
48.8%
25 / 2:48Leather And Lace
48.1%
14 / 1:31Get Down On It
48%
44 / 5:01Truly
47.6%
32 / 3:37Promises, Promises
43%
45 / 5:08Turn Your Love Around
41.7%
5 / 0:28Church Of The Poison Mind
40.7%
19 / 2:06Hold Me
40.5%
47 / 5:22Waiting On A Friend
35.2%
26 / 2:55Let It Whip
34.5%
46 / 5:15Union Of The Snake
34.5%
42 / 4:47Think I'm In Love
32.7%
38 / 4:19Shame On The Moon
23.8%
9 / 0:56Do I Do
19.2%
50 / 5:43Yesterday's Songs
12.3%

You're not logged in!

Compare scores with friends on all Sporcle quizzes.
Join for Free
OR
Log In

You Might Also Like...

Show Comments

Extras

Top Quizzes Today


Score Distribution

Your Account Isn't Verified!

In order to create a playlist on Sporcle, you need to verify the email address you used during registration. Go to your Sporcle Settings to finish the process.

Report this User

Report this user for behavior that violates our Community Guidelines.

Details: